|
|
|
|
| LEADER |
01151cam a2200325 a 4500 |
| 001 |
c000213081 |
| 003 |
CARM |
| 005 |
20060201085519.0 |
| 008 |
860519s1986 enka b 001 0 eng |
| 010 |
|
|
|a 86009885
|
| 019 |
1 |
|
|a 4816899
|z 4855923
|5 LACONCORD2021
|
| 020 |
|
|
|a 0470203358 (Halsted Press)
|
| 020 |
|
|
|a 074580084X :
|c £29.50
|
| 020 |
|
|
|a 0745800858 (pbk.)
|
| 035 |
|
|
|a (OCoLC)13524530
|5 LACONCORD2021
|
| 040 |
|
|
|a LC
|b eng
|c LC
|
| 050 |
|
4 |
|a Q335
|b .M48 1986
|
| 082 |
0 |
4 |
|a 006.31
|
| 100 |
1 |
|
|a Michie, Donald.
|
| 245 |
1 |
0 |
|a On machine intelligence /
|c Donald Michie.
|
| 250 |
|
|
|a 2nd ed.
|
| 260 |
|
|
|a Chichester :
|b E. Horwood ;
|a New York :
|b Halsted Press,
|c 1986.
|
| 300 |
|
|
|a xii, 271 p. :
|b ill. ;
|c 25 cm.
|
| 440 |
|
0 |
|a Ellis Horwood series in artificial intelligence
|
| 504 |
|
|
|a Includes bibliographies and index.
|
| 650 |
|
0 |
|a Artificial intelligence.
|
| 650 |
|
0 |
|a Machine learning.
|
| 852 |
8 |
|
|b CARM
|h A2:AM05G0
|i C07929
|p 0267873
|f BK
|
| 999 |
f |
f |
|i 60dbcec8-4c33-59e5-97e6-ad50c47d265e
|s 4b45bab6-e5b0-5609-8783-19fd417a1479
|
| 952 |
f |
f |
|p Can circulate
|a CAVAL
|b CAVAL
|c CAVAL
|d CARM 1 Store
|e C07929
|f A2:AM05G0
|h Other scheme
|i book
|m 0267873
|